00337nam a2200133Ia 4500008004100000041000800041082001500049100003600064245002500100250000600125260002500131300001200156650003500168210716s1993 xx 000 0 und d aeng a174.4 SMIN aSmith, N Craig; Quelch, John A. aEthics in marketing. a1 aAmericabIrwinc1993 axvi,838 aEthics (Moral philosophy)(170)